Teachers' heritage : An introduction to the study of education /

Bibliographic Details
Main Author: Skinner, Andrew F.
Format: Book
Language:English
Published: Toronto : Guidance Centre, Faculty of Education, University of Toronto in association with Van Nostrand Reinhold, [1979]
Subjects:

MARC

Tag First Indicator Second Indicator Subfields
LEADER 00000cam a2200000 a 4500
001 in00000069964
005 20151008055929.0
008 800530s1979 cn b 00110 eng d
020 |a 0771300611 (Guidance Centre) 
020 |a 0442297769 
035 |a (OCoLC)06373170 
035 |9 AAJ4748AM 
040 |a CDU  |c CDU  |d TXA  |d UtOrBLW 
049 |a TXAM  |c [1272027] 
090 |a LB17  |b .S5 
092 |a 370  |b S628t 
100 1 |a Skinner, Andrew F. 
245 1 0 |a Teachers' heritage :  |b An introduction to the study of education /  |c Andrew F. Skinner. 
264 1 |a Toronto :  |b Guidance Centre, Faculty of Education, University of Toronto in association with Van Nostrand Reinhold,  |c [1979] 
264 4 |c ©1979 
300 |a xvii, 270 pages ;  |c 23 cm. 
336 |a text  |b txt  |2 rdacontent 
337 |a unmediated  |b n  |2 rdamedia 
338 |a volume  |b nc  |2 rdacarrier 
504 |a Includes bibliographical references and index. 
650 0 |a Education  |x Study and teaching. 
999 |a MARS 
999 f f |s de3d6997-a329-3287-b8ad-b9550d4c060d  |i de6c0b11-a4b6-3b91-8852-445144c8c60c  |t 0 
952 f f |p normal  |a Texas A&M University  |b College Station  |c Sterling C. Evans Library  |d Evans: Library Stacks  |t 0  |e LB17 .S5  |h Library of Congress classification  |i unmediated -- volume  |m A14806158989 
998 f f |a LB17 .S5  |t 0  |l Evans: Library Stacks